Fundamentals of Light Microscopy and Electronic Imaging (Record no. 1715803)

MARC details
000 -LEADER
fixed length control field 00370 a2200133 4500
000 - LEADER
fixed length control field nam a22 7a 4500
005 - DATE AND TIME OF LATEST TRANSACTION
control field 20260320102429.0
020 ## - INTERNATIONAL STANDARD BOOK NUMBER
International Standard Book Number 9780471692140
100 ## - MAIN ENTRY--PERSONAL NAME
Personal name Douglas B. Murphy, Michael W. Davidson
9 (RLIN) 1132606
245 ## - TITLE STATEMENT
Title Fundamentals of Light Microscopy and Electronic Imaging
250 ## - EDITION STATEMENT
Edition statement 2nd
260 ## - PUBLICATION, DISTRIBUTION, ETC.
Name of publisher, distributor, etc. Wiley-Blackwell
Date of publication, distribution, etc. 2012
942 ## - ADDED ENTRY ELEMENTS (KOHA)
Koha item type Textual
Holdings
Withdrawn status Lost status Source of classification or shelving scheme Damaged status Not for loan Home library Current library Date acquired Source of acquisition Cost, normal purchase price Total Checkouts Barcode Date last seen Cost, replacement price Price effective from Koha item type
    Colon Classification (CC)   Ordered South Campus Library South Campus Library 2026-04-29 93 11486.00   SC1809796 2026-04-29 16408.57 2026-04-29 Textual
Copyright @ Delhi University Library System